Global development finance mobilizing finance and managing vulnerability

Salvato in:
Dettagli Bibliografici
Natura: Libro
Lingua:inglese
Pubblicazione: Washington, D.C. <The> World Bank 2005
Soggetti:
Tags: Aggiungi Tag
Nessun Tag, puoi essere il primo ad aggiungerne!!

MARC

LEADER 00000nam$a2200000$$$4500
001 0041248
005 20221129082624.5
020 |a 0-8213-5984-3 
041 0 |a eng 
044 |a US 
245 1 0 |a Global development finance  |b mobilizing finance and managing vulnerability 
264 1 |a Washington, D.C.  |b <The> World Bank  |c 2005 
300 |a 171 s. 
610 2 0 |a organizácie medzinárodné 
610 2 0 |a organizácie finančné 
610 2 0 |a pomoc medzinárodná 
610 2 0 |a pomoc rozvojová 
610 2 0 |a pomoc finančná 
610 2 0 |a krajiny rozvojové 
610 2 0 |a pohyb kapitálu 
610 2 0 |a rast hospodársky 
610 2 0 |a mena 
610 2 0 |a trh 
610 2 0 |a globalizácia 
610 2 0 |a zadlženosť 
610 2 0 |a chudoba 
610 2 0 |a chudoba 
610 2 0 |a údaje štatistické